| Tag |
First Indicator |
Second Indicator |
Subfields |
| LEADER |
00000cam a2200000 4500 |
| 001 |
in00000023184 |
| 005 |
20151007064322.0 |
| 008 |
720501s1965 ncu b 00010 eng u |
| 010 |
|
|
|a 65023139
|
| 035 |
|
|
|a (OCoLC)00296862
|
| 035 |
|
|
|9 AAD9560AM
|
| 040 |
|
|
|c YNG
|d TXA
|d UtOrBLW
|
| 049 |
|
|
|a TXAM
|c [451812]
|
| 050 |
0 |
0 |
|a PR2348
|b .H3
|
| 092 |
|
|
|a 822
|b S627Yh
|
| 100 |
1 |
|
|a Harris, William O.
|
| 245 |
1 |
0 |
|a Skelton's Magnyfycence and the cardinal virtue tradition /
|c by William O. Harris.
|
| 264 |
|
1 |
|a Chapel Hill :
|b University of North Carolina Press,
|c [1965]
|
| 300 |
|
|
|a x, 177 pages ;
|c 23 cm.
|
| 336 |
|
|
|a text
|b txt
|2 rdacontent
|
| 337 |
|
|
|a unmediated
|b n
|2 rdamedia
|
| 338 |
|
|
|a volume
|b nc
|2 rdacarrier
|
| 504 |
|
|
|a Bibliographical footnotes.
|
| 600 |
1 |
0 |
|a Skelton, John,
|d 1460?-1529.
|t Magnyfycence.
|
| 650 |
|
0 |
|a Fortitude.
|
| 999 |
|
|
|a MARS
|
| 999 |
f |
f |
|s 4d192769-7a90-37fb-9323-ff1d00358cd1
|i d750fdcf-a0a2-3df9-a1b1-110c0b5b0262
|t 0
|
| 952 |
f |
f |
|p normal
|a Texas A&M University
|b College Station
|c Sterling C. Evans Library
|d Evans: Library Stacks
|t 0
|e PR2348 .H3
|h Library of Congress classification
|i unmediated -- volume
|m A14801300298
|
| 998 |
f |
f |
|a PR2348 .H3
|t 0
|l Evans: Library Stacks
|